Qué es un mito: una aproximación a la mitología clásica
Uloženo v:
| Hlavní autor: | |
|---|---|
| Médium: | Kniha |
| Jazyk: | španělština |
| Vydáno: |
Buenos Aires
Fondo de Cultura Económica
2005
|
| Vydání: | 1a. ed |
| Edice: | Colección Popular, 671. Serie Breves
|
| Témata: | |
| Tagy: |
Přidat tag
Žádné tagy, Buďte první, kdo vytvoří štítek k tomuto záznamu!
|
MARC
| LEADER | 00000cam a2200000 a 4500 | ||
|---|---|---|---|
| 001 | UCI8993 | ||
| 003 | CL-VaPUC | ||
| 008 | 081016e20050000AG |||||||||||||||||spa|d | ||
| 020 | |a 9505579266 | ||
| 082 | 0 | 4 | |a 292.03 |b BAU |2 21 |
| 100 | 0 | |a Bauzá, Hugo Francisco |e author |9 532661 | |
| 245 | 1 | 0 | |a Qué es un mito: una aproximación a la mitología clásica |
| 250 | |a 1a. ed | ||
| 300 | |a 260 p | ||
| 942 | |c BK | ||
| 945 | |d 20081016 00:00:00 |a jtorresc | ||
| 260 | |a Buenos Aires |b Fondo de Cultura Económica |c 2005 | ||
| 650 | 0 | |a Mitología clásica |9 265586 | |
| 650 | 0 | |a Mitología |9 255719 | |
| 583 | |a last modification |c 20150603 11:00:15 |k Rodrigo Vera | ||
| 490 | 0 | |a Colección Popular, 671. Serie Breves | |
| 999 | |c 331703 |d 331701 | ||
| 952 | |0 0 |1 0 |4 0 |6 292_030000000000000_BAU_2005 |7 0 |8 A |9 418728 |a BIBHIS |b BIBHIS |d 2019-11-22 |i 4488822 |o 292.03 BAU 2005 |p 4488822 |r 2025-01-20 |w 2019-11-22 |y BK |k HIS | ||
| 952 | |0 0 |1 0 |3 erb |4 0 |6 292_030000000000000_BAU_2005 |7 0 |8 A |9 418729 |a BIBHIS |b BIBHIS |i 5162939 |o 292.03 BAU 2005 |p 5162939 |r 2025-01-20 |w 2019-11-22 |y BK |z Catalogado en:20150605 |k HIS | ||